| 000 | 00646nam a2200205 a 4500 | ||
|---|---|---|---|
| 999 |
_c3612 _d3612 |
||
| 001 | 3612 | ||
| 003 | BD-JhCC | ||
| 005 | 20171115170226.0 | ||
| 008 | 171115s1371 bg a|||| |||| 000 0 ben d | ||
| 035 | _a(BD-JhCC) | ||
| 040 |
_aBD-JhCC _dBD-JhCC |
||
| 041 | _aben | ||
| 082 |
_a923.1 _bRAH 1371 |
||
| 100 | _aরহমান, হাবীবুর | ||
| 245 |
_aছোটদের নেতাজী সুভাসচন্দ্র / _cহাবীবুর রহমান |
||
| 260 |
_aঢাকা : _bআহমদ পাবলিশিং হাউস, _c১৩৭১ |
||
| 300 |
_a47 p. ; _c14 cm |
||
| 650 | _aBiography | ||
| 942 |
_2ddc _cBK |
||